000 00671nam a2200241Ia 4500
005 20260430150324.0
008 008 250103s9999 xx 000 0 eng d
037 _aTheses
040 _aCRL
040 _beng
040 _ceng
041 _2eng
041 _aeng
084 _qCRL
100 _aGaurav Kumar Au.; Vashistha Sachin Gu.; Tyagi Brij Kishore Gu.
_91237144
245 0 _aVariants of Rothberger, Hurewicz and Menger Topological Spaces
260 _c2023
300 _a74
650 _aMathematics
700 _aUniversity of Delhi. Faculty of Mathematical Sciences. Deptt. of Mathematics
_91237071
942 _cTH
999 _c1849510
_d1849510